| 000 | 00612nam a2200205 a 4500 | ||
|---|---|---|---|
| 005 | 20140310183409.0 | ||
| 008 | 121121s19uu xx 00 eng d | ||
| 020 | _a9789712352577 | ||
| 050 |
_aHB 615 _b.As59 2010 |
||
| 100 | _aAsor, Winefreda B. | ||
| 245 |
_aEntrepreneurship in the Philippine setting / _cWinefreda B. Asor. |
||
| 260 |
_aManila, Philippines : _bRex Bookstore, _c2010. |
||
| 300 |
_a238 p. : _c25 cm. |
||
| 500 | _aIncludes index | ||
| 521 | _aBSBA | ||
| 650 |
_aEntrepreneurship _xPhilippines |
||
| 650 |
_aPhilippines _xEconomic conditions |
||
| 942 |
_cBK _2lcc _kLOC |
||
| 999 |
_c22468 _d22468 |
||